| 000 | 00455nam a2200181Ia 4500 | ||
|---|---|---|---|
| 008 | 230525s9999 xx 000 0 und d | ||
| 020 | _a978-0-19-569963-7 | ||
| 082 |
_a621.4061 _bOJH |
||
| 100 |
_aCSP Ojha _945340 |
||
| 245 | 0 | _aFluid Mechanics and Machinery | |
| 250 | _a2 | ||
| 260 |
_aNew Delhi _bOxford _c2011 |
||
| 300 | _aXX,993p; | ||
| 500 | _aQuantity Number: 1 | ||
| 650 | _aMechanics | ||
| 700 |
_aP.N.Chandramouli _942827 |
||
| 942 | _cBK | ||
| 999 |
_c61089 _d61089 |
||